[Event "Haiwan Cup New Star 2019"]
[Site "Shanghai"]
[Date "2019.09.08"]
[Round "5.2"]
[White "Martirosyan, Haik M."]
[Black "Dai, Changren"]
[Result "1/2-1/2"]
[WhiteElo "2608"]
[BlackElo "2512"]
[Annotator "RC"]
[PlyCount "106"]
[EventDate "2019.09.04"]
[EventType "tourn"]
[EventCountry "CHN"]
[SourceTitle "playchess.com"]
[Source "ChessBase"]
[SourceQuality "1"]
[TimeControl "5400+30"]

1. d4 {[%emt 0:00:00]} d5 {[%emt 0:00:00]} 2. c4 {[%emt 0:00:00]} e6 {[%emt 0:00:00]} 3. Nc3 {[%emt 0:00:00]} Be7 {[%emt 0:00:00]} 4. cxd5 {[%emt 0:00:15]} exd5 {[%emt 0:00:00]} 5. Bf4 {[%emt 0:00:09]} c6 {[%emt 0:00:00]} 6. Qc2 {[%emt 0:00:13]} Nf6 {[%emt 0:00:07]} 7. h3 {[%emt 0:01:02]} g6 {[%emt 0:00:07]} 8. e3 {[%emt 0:00:49]} Bf5 {[%emt 0:00:09]} 9. Qd2 {[%emt 0:00:09]} Nbd7 {[%emt 0:00:30]} 10. Nge2 {[%emt 0:02:33]} O-O {[%emt 0:00:38]} 11. Ng3 {[%emt 0:01:40]} Ne4 {[%emt 0:00:55]} 12. Ngxe4 {[%emt 0:07:13]} Bxe4 {[%emt 0:00:17]} 13. O-O-O {[%emt 0:02:22]} Bf5 {[%emt 0:06:45]} 14. f3 {[%emt 0:02:14]} g5 {[%emt 0:26:31]} 15. Bh2 {[%emt 0:01:46]} b5 {[%emt 0:01:58]} 16. Bd3 {[%emt 0:05:09]} Bg6 {[%emt 0:01:10]} 17. f4 {[%emt 0:07:02]} gxf4 {[%emt 0:03:03]} 18. exf4 {[%emt 0:02:33]} f5 {[%emt 0:01:33]} 19. g4 {[%emt 0:04:15]} Bh4 {[%emt 0:15:59]} 20. Rdg1 {[%emt 0:05:10]} Kh8 {[%emt 0:01:41]} 21. g5 {[%emt 0:00:39]} Qa5 {[%emt 0:08:23]} 22. Kb1 {[%emt 0:03:35]} Qb4 {[%emt 0:01:32]} 23. Be2 {[%emt 0:12:02]} Rae8 {[%emt 0:06:06]} 24. Ka1 {[%emt 0:04:25]} Qe7 {[%emt 0:05:25]} 25. Rg2 {[%emt 0:07:56]} Nb6 {[%emt 0:01:58]} 26. Nd1 {[%emt 0:04:09]} Qe4 {[%emt 0:03:35]} 27. Rhg1 {[%emt 0:00:10]} Re7 {[%emt 0:01:50]} 28. Qc3 {[%emt 0:09:07]} Rfe8 {[%emt 0:02:44]} 29. Bf3 {[%emt 0:01:43]} b4 {[%emt 0:01:17]} 30. Bxe4 {[%emt 0:00:43]} bxc3 {[%emt 0:00:02]} 31. Bf3 {[%emt 0:02:06]} cxb2+ {[%emt 0:04:25]} 32. Kxb2 {[%emt 0:00:11]} Nc4+ {[%emt 0:00:01]} 33. Kc1 {[%emt 0:01:34]} Ne3 {[%emt 0:01:26]} 34. Rb2 {[%emt 0:03:34]} Nxd1 {[%emt 0:00:45]} 35. Rxd1 {[%emt 0:00:42]} Re3 {[%emt 0:00:56]} 36. Rf1 {[%emt 0:00:16]} a5 {[%emt 0:02:38]} 37. Rb6 {[%emt 0:02:55]} Re1+ {[%emt 0:02:12]} 38. Rxe1 {[%emt 0:00:02]} Rxe1+ {[%emt 0:00:05]} 39. Kd2 {[%emt 0:01:10]} Rf1 {[%emt 0:00:02]} 40. Ke3 {[%emt 0:01:18]} Re1+ {[%emt 0:01:46]} 41. Kd2 {[%emt 0:00:34]} Be8 {[%emt 0:01:04]} 42. Be2 {[%emt 0:02:55]} Kg7 {[%emt 0:00:33]} 43. Rb7+ {[%emt 0:00:26]} Kg8 {[%emt 0:00:39]} 44. Rb8 {[%emt 0:00:23]} Kf8 {[%emt 0:00:19]} 45. Bh5 {[%emt 0:00:08]} Bf2 {[%emt 0:00:41]} 46. Bg1 {[%emt 0:02:20]} Rxg1 {[%emt 0:00:05]} 47. Bxe8 {[%emt 0:00:11]} Bxd4 {[%emt 0:00:36]} 48. Bxc6+ {[%emt 0:00:32]} Ke7 {[%emt 0:00:43]} 49. Rb5 {[%emt 0:01:22]} Rg3 {[%emt 0:00:29]} 50. Rxd5 {[%emt 0:00:45]} Be3+ {[%emt 0:00:08]} 51. Ke2 {[%emt 0:00:26]} Bxf4 {[%emt 0:00:10]} 52. h4 {[%emt 0:00:34]} Re3+ {[%emt 0:00:58]} 53. Kf2 {[%emt 0:00:14]} Rc3 {[%emt 0:00:27]} 1/2-1/2

[Event "Haiwan Cup New Star 2019"]
[Site "Shanghai"]
[Date "2019.09.08"]
[Round "5.3"]
[White "Bai, Jinshi"]
[Black "Khanin, Semen"]
[Result "1-0"]
[WhiteElo "2591"]
[BlackElo "2503"]
[Annotator "ChessBase"]
[PlyCount "145"]
[EventDate "2019.09.04"]
[EventType "tourn"]
[EventCountry "CHN"]
[SourceTitle "playchess.com"]
[Source "ChessBase"]
[SourceQuality "1"]
[TimeControl "5400+30"]

1. d4 {[%emt 0:00:00]} Nf6 {[%emt 0:00:00]} 2. c4 {[%emt 0:00:00]} g6 {[%emt 0:00:00]} 3. Nc3 {[%emt 0:00:00]} d5 {[%emt 0:00:00]} 4. Nf3 {[%emt 0:02:04]} Bg7 {[%emt 0:00:00]} 5. Bf4 {[%emt 0:00:06]} O-O {[%emt 0:02:59]} 6. Rc1 {[%emt 0:00:09]} dxc4 {[%emt 0:04:56]} 7. e4 {[%emt 0:04:42]} c5 {[%emt 0:03:02]} 8. dxc5 {[%emt 0:02:23]} Qa5 {[%emt 0:04:32]} 9. Nd2 {[%emt 0:13:06]} Be6 {[%emt 0:18:42]} 10. Bxc4 {[%emt 0:15:00]} Bxc4 {[%emt 0:00:42]} 11. Nxc4 {[%emt 0:00:05]} Qxc5 {[%emt 0:00:17]} 12. Nd2 {[%emt 0:03:11]} Nc6 {[%emt 0:04:31]} 13. O-O {[%emt 0:00:51]} Rad8 {[%emt 0:08:58]} 14. Nb3 {[%emt 0:10:05]} Qh5 {[%emt 0:16:37]} 15. Qxh5 {[%emt 0:03:13]} Nxh5 {[%emt 0:00:06]} 16. Be3 {[%emt 0:00:08]} Nb4 {[%emt 0:08:44]} 17. Bc5 {[%emt 0:15:55]} Nd3 {[%emt 0:00:11]} 18. Bxe7 {[%emt 0:00:04]} Nxc1 {[%emt 0:00:11]} 19. Rxc1 {[%emt 0:00:35]} Nf4 {[%emt 0:02:13]} 20. Bxd8 {[%emt 0:04:00]} Bxc3 {[%emt 0:03:14]} 21. Rd1 {[%emt 0:00:06]} Bxb2 {[%emt 0:00:34]} 22. Rd7 {[%emt 0:01:35]} f5 {[%emt 0:07:29]} 23. g3 {[%emt 0:05:23]} Ne6 {[%emt 0:02:09]} 24. Be7 {[%emt 0:00:04]} Rf7 {[%emt 0:00:21]} 25. Rxb7 {[%emt 0:03:20]} fxe4 {[%emt 0:01:56]} 26. Rxa7 {[%emt 0:01:30]} Rf5 {[%emt 0:01:59]} 27. Ra4 {[%emt 0:08:08]} Kf7 {[%emt 0:00:30]} 28. Ra7 {[%emt 0:00:05]} Kg8 {[%emt 0:00:26]} 29. Ra5 {[%emt 0:00:14]} Rf7 {[%emt 0:01:22]} 30. Ra8+ {[%emt 0:02:18]} Kg7 {[%emt 0:00:04]} 31. Ra7 {[%emt 0:00:26]} Ba3 {[%emt 0:02:46]} 32. Rxa3 {[%emt 0:00:05]} Rxe7 {[%emt 0:00:02]} 33. h4 {[%emt 0:03:04]} Kf6 {[%emt 0:00:11]} 34. Kf1 {[%emt 0:00:37]} Rc7 {[%emt 0:00:40]} 35. Ke2 {[%emt 0:02:02]} Rc3 {[%emt 0:00:59]} 36. Ra4 {[%emt 0:01:01]} Ke5 {[%emt 0:01:24]} 37. Ra5+ {[%emt 0:00:03]} Kd6 {[%emt 0:01:14]} 38. Ra7 {[%emt 0:02:38]} Ke5 {[%emt 0:00:46]} 39. Ra5+ {[%emt 0:00:23]} Kd6 {[%emt 0:00:03]} 40. Nd2 {[%emt 0:00:40]} Nd4+ {[%emt 0:00:11]} 41. Kf1 {[%emt 0:00:04]} Rc1+ {[%emt 0:00:16]} 42. Kg2 {[%emt 0:00:03]} Re1 {[%emt 0:00:10]} 43. Nc4+ {[%emt 0:01:07]} Ke6 {[%emt 0:00:28]} 44. Ra6+ {[%emt 0:00:23]} Kd5 {[%emt 0:00:45]} 45. Ne3+ {[%emt 0:00:04]} Ke5 {[%emt 0:00:05]} 46. Ng4+ {[%emt 0:00:48]} Kd5 {[%emt 0:02:24]} 47. Ne3+ {[%emt 0:00:14]} Kc5 {[%emt 0:02:35]} 48. Ra5+ {[%emt 0:00:09]} Kb4 {[%emt 0:00:37]} 49. Re5 {[%emt 0:01:40]} Rg1+ {[%emt 0:00:03]} 50. Kh3 {[%emt 0:00:04]} Kc3 {[%emt 0:01:13]} 51. Rxe4 {[%emt 0:00:17]} Kd3 {[%emt 0:00:15]} 52. Rf4 {[%emt 0:00:56]} h5 {[%emt 0:01:05]} 53. Kh2 {[%emt 0:00:16]} Rb1 {[%emt 0:00:06]} 54. Rf6 {[%emt 0:00:48]} Ra1 {[%emt 0:01:10]} 55. Kg2 {[%emt 0:00:29]} Rxa2 {[%emt 0:00:21]} 56. Rxg6 {[%emt 0:00:04]} Ke4 {[%emt 0:00:19]} 57. Rf6 {[%emt 0:00:35]} Ra5 {[%emt 0:00:45]} 58. Rf4+ {[%emt 0:00:15]} Kd3 {[%emt 0:00:03]} 59. Rf8 {[%emt 0:00:03]} Ke4 {[%emt 0:00:26]} 60. Re8+ {[%emt 0:00:21]} Kd3 {[%emt 0:00:06]} 61. Rd8 {[%emt 0:00:08]} Ke4 {[%emt 0:00:23]} 62. Nc4 {[%emt 0:00:13]} Ra2 {[%emt 0:00:17]} 63. Nd6+ {[%emt 0:00:38]} Ke5 {[%emt 0:00:16]} 64. Nf7+ {[%emt 0:00:04]} Ke4 {[%emt 0:00:12]} 65. Ng5+ {[%emt 0:00:13]} Ke5 {[%emt 0:00:06]} 66. Nf3+ {[%emt 0:00:41]} Nxf3 {[%emt 0:00:05]} 67. Kxf3 {[%emt 0:00:02]} Ra3+ {[%emt 0:00:04]} 68. Kg2 {[%emt 0:00:03]} Kf6 {[%emt 0:00:13]} 69. Rg8 {[%emt 0:00:04]} Ra7 {[%emt 0:00:34]} 70. Rg5 {[%emt 0:00:04]} Rh7 {[%emt 0:00:03]} 71. Kf3 {[%emt 0:00:03]} Rh8 {[%emt 0:00:04]} 72. Kf4 {[%emt 0:00:04]} Rf8 {[%emt 0:00:49]} 73. Rf5+ {[%emt 0:00:05]} 1-0

[Event "Haiwan Cup New Star 2019"]
[Site "Shanghai"]
[Date "2019.09.08"]
[Round "5.4"]
[White "Tahbaz, Arash"]
[Black "Li, Di"]
[Result "0-1"]
[WhiteElo "2471"]
[BlackElo "2538"]
[Annotator "TA"]
[PlyCount "112"]
[EventDate "2019.09.04"]
[EventType "tourn"]
[EventCountry "CHN"]
[SourceTitle "playchess.com"]
[Source "ChessBase"]
[SourceQuality "1"]

{[%evp 22,112,22,31,54,25,52,52,56,52,52,57,55,71,68,77,89,59,68,74,97,43,112,119,123,122,118,110,116,74,99,91,65,41,41,0,0,0,0,0,15,0,0,0,114,88,56,60,158,175,162,0,0,0,0,0,0,0,0,0,0,0,0,-38,-50,-45,0,0,0,-44,-46,-38,-35,-394,-406,-433,-427,-539,-468,-856,-845,-876,-599,-542,-238,-660,-332,-1015,-316,-1320,-1278,-1785,-1701]} 1. Nf3 c5 2. g3 Nc6 3. c4 g6 4. Bg2 Bg7 5. O-O d6 6. Nc3 e5 7. a3 a5 8. d3 Nge7 9. Rb1 O-O 10. Bd2 h6 11. Ne1 Be6 12. Nd5 Ra7 {A37: Symmetrical English vs ...g6: 4 Bg2 Bg7 5 Nf3} (12... a4 13. Nc3 Qa5 14. Nb5 Qd8 15. Nc3 Qa5 16. Nc2 Rfb8 17. Ne3 Nd4 18. Ncd5 Qd8 19. Nxe7+ Qxe7 20. Nd5 {½-½ (83) Amin,B (2634)-Grischuk,A (2794) Tsaghkadzor 2015}) 13. Nc2 Bxd5 $146 ({Predecessor:} 13... a4 14. b4 axb3 15. Rxb3 Nf5 {½-½ (15) Wurzel,A (2163)-Pilz,D (2142) Bayern 2015}) 14. cxd5 Nd4 {White is slightly better.} 15. a4 Nxc2 16. Qxc2 Nf5 17. Bh3 Ne7 18. e4 Kh7 19. Kh1 b6 20. f4 Ng8 21. Rf3 (21. f5 $16) 21... Re7 (21... exf4 $1 $14 22. Rxf4 (22. Bxf4 f5 $14) 22... Be5) 22. f5 $16 g5 23. f6 Bxf6 24. Rbf1 Rb7 25. Bc1 {[%mdl 1024] White has strong compensation.} Bg7 26. Qe2 Kh8 27. R1f2 Qe8 28. Bg4 Qxa4 29. h4 gxh4 30. gxh4 f5 31. Bxf5 Rbf7 $1 32. Rg3 {Threatens to win with Qg4.} Rxf5 (32... Ne7 $11 33. Rxg7 {[%mdl 64] Remove Defender} Rxg7 34. Bxh6 Rxf5 $1 {[%mdl 512]} 35. exf5 (35. Bxg7+ Kxg7 36. Qg4+ Kf8 $11) 35... Rh7) 33. exf5 Qxh4+ {[%mdl 64] Double Attack} 34. Kg2 Qd4 (34... Nf6 $14) 35. Qh5 e4 36. Kg1 $2 ({Better is} 36. Be3 $18 Qe5 37. Bf4) 36... exd3 $11 {...Nf6 is the strong threat.} 37. Be3 Qe5 38. Rfg2 {aiming for f6.} Rxf5 39. Qg6 {[%cal Rg6g7]} d2 $1 {[%cal Rd2d1]} 40. Bxd2 {Intending Bc3! and mate.} Qd4+ 41. Kh2 Qh4+ 42. Rh3 {[%csl Gg2][%cal Rg6g7]} Be5+ $1 43. Kg1 {[%csl Gg2][%cal Rg6g8]} Bd4+ {[%mdl 64] Discovered Attack} 44. Kh2 $1 {[%csl Gg2][%cal Rg6g8]} Be5+ 45. Kg1 {[%csl Gg2][%cal Rg6g8]} Qd4+ {[%mdl 64] Double Attack} 46. Re3 {[%csl Gg2][%cal Rg6g8]} Rf8 47. Qe6 $2 {[%mdl 8192] [#]} (47. Qd3 $1 $15) 47... b5 $1 $19 {[%cal Bb6b5,Bb5b4][%mdl 32]} 48. Qh3 {[#] next Bc3 is good for White.} b4 $1 49. Rge2 Rf7 50. Kh1 (50. b3 $142) 50... Qxd5+ 51. Re4 Bg7 {White must now prevent ...Nf6.} 52. Kh2 Qf5 (52... Bxb2 $142 53. Bxh6 Rh7) 53. Qg3 $2 (53. Qxf5 Rxf5 54. Re8) 53... Qh5+ 54. Kg1 $2 (54. Qh3 Be5+ 55. Rxe5 Qxh3+ 56. Kxh3 dxe5 57. Be1) 54... d5 $2 (54... Bd4+ 55. Be3 Be5) 55. Rg4 $2 (55. Qg4 Qxg4+ 56. Rxg4) 55... Nf6 56. Qb8+ Rf8 {Accuracy: White = 38%, Black = 49%.} 0-1

[Event "Haiwan Cup New Star 2019"]
[Site "Shanghai"]
[Date "2019.09.09"]
[Round "6.1"]
[White "Gukesh D"]
[Black "Li, Di"]
[Result "1/2-1/2"]
[WhiteElo "2535"]
[BlackElo "2538"]
[Annotator "TA"]
[PlyCount "60"]
[EventDate "2019.09.04"]
[EventType "tourn"]
[EventCountry "CHN"]
[SourceTitle "playchess.com"]
[Source "ChessBase"]
[SourceQuality "1"]

{[%evp 9,60,31,36,22,22,10,6,-10,17,0,19,-6,0,0,0,0,0,0,18,-12,0,-14,0,0,0,0,0,0,0,-14,0,0,0,3,37,0,8,12,8,8,8,13,12,12,12,0,0,0,0,0,0,0,0]} 1. d4 d5 2. c4 c6 3. Nc3 Nf6 4. Nf3 g6 5. cxd5 cxd5 6. Qb3 {D90: Grünfeld: 4 Nf3 Bg7 sidelines} (6. Bf4 Bg7 7. e3 Nc6 8. Bb5 O-O 9. O-O Nh5 10. Bg5 h6 11. Bh4 g5 12. Nd2 Nf6 13. Bg3 Bd7 14. f4 gxf4 15. Bxf4 Bf5 16. Qe1 {0-1 (50) Holt,C (2578)-Li,C (2732) chess.com INT 2018}) 6... Nc6 {[%cal Bb8c6,Bc6a5,Ba5c4][%mdl 32]} 7. Bg5 Na5 8. Qa3 Nc4 9. Qb3 Na5 10. Qa4+ Bd7 11. Qd1 Ne4 12. Nxe4 dxe4 13. Nd2 f6 14. Be3 $146 ({Predecessor:} 14. Bf4 Qb6 15. Nxe4 Qxb2 {0-1 (42) Lindstrom,T (1769)-De Waele,W (2020) LSS email 2009}) 14... f5 15. Bf4 $1 Bg7 16. e3 Qb6 17. Rb1 e5 18. dxe5 {[#] And now b4 would win.} Nc6 $1 19. Be2 Be6 20. O-O Bxe5 21. Bc4 Bd7 22. Bf7+ Kxf7 {The position is equal.} 23. Nc4 {[%mdl 64] [#] Double Attack} Qc7 24. Nxe5+ Nxe5 25. Bxe5 Qxe5 26. Qxd7+ {[%mdl 64] Double Attack} Qe7 $1 {[%cal Re7d7]} 27. Qd5+ Kg7 28. Qd4+ Kh6 29. Rbc1 Rhd8 30. Qa4 a6 {Accuracy: White = 43%, Black = 63%.} 1/2-1/2

[Event "Haiwan Cup New Star 2019"]
[Site "Shanghai"]
[Date "2019.09.09"]
[Round "6.2"]
[White "Khanin, Semen"]
[Black "Tahbaz, Arash"]
[Result "1-0"]
[WhiteElo "2503"]
[BlackElo "2471"]
[Annotator "TA"]
[PlyCount "63"]
[EventDate "2019.09.04"]
[EventType "tourn"]
[EventCountry "CHN"]
[SourceTitle "playchess.com"]
[Source "ChessBase"]
[SourceQuality "1"]

{[%evp 14,63,0,14,24,37,49,29,43,35,36,25,33,27,39,18,25,31,31,21,36,33,33,24,62,75,166,168,168,177,167,190,205,186,185,220,461,444,853,830,885,959,971,957,943,905,1785,720,914,876,938,921]} 1. e4 c5 2. Nf3 d6 3. d4 cxd4 4. Nxd4 Nf6 5. Nc3 a6 6. f3 e6 7. Be3 b5 {[%cal Bb7b5,Bb5b4][%mdl 32]} 8. Qd2 b4 {B80: Sicilian Scheveningen: 6 g3 and 6 Be3, including English Attack} (8... Bb7 9. g4 Nfd7 10. O-O-O Nb6 11. Nb3 N8d7 12. Na5 Rb8 13. Bd4 Ba8 14. h4 Qc7 15. g5 b4 16. Nb1 e5 17. Bxb6 Rxb6 18. Nc4 Rc6 19. Ne3 {1-0 (70) Aronian,L (2767)-Nakamura,H (2777) Saint Louis 2018}) 9. Na4 Nbd7 10. O-O-O Qa5 {White has an edge.} 11. b3 Bb7 12. a3 Qc7 $1 13. axb4 d5 14. Bf2 $36 {[%mdl 2048] White has the initiative.} dxe4 15. Bg3 {[#]} e5 $146 ({Predecessor:} 15... Qc8 16. Bc4 {1-0 (32) Yoo,C (2242)-Preotu,R (2501) Calgary 2017}) 16. Bc4 g6 $1 17. Rhf1 h5 $1 {...Bh6 is the strong threat.} 18. Bh4 {Threatening fxe4.} exd4 19. fxe4 Bg7 (19... Qe5 $16 20. Bg3 Nxe4 21. Bxe5 Nxd2 22. Bxh8 Nxf1 23. Rxf1 d3) 20. Qxd4 $18 {Strongly threatening Bxf7+!} O-O {White must now prevent ...Rad8.} 21. Bxf6 Nxf6 22. Rxf6 Bxe4 {[#]} 23. Rxf7 $1 (23. Qxe4 Bxf6 24. Qxg6+ Bg7 $14) 23... Rxf7 24. Qxe4 {[%mdl 64] Double Attack} Raf8 $2 (24... Rc8 {keeps fighting.} 25. Bxf7+ (25. Qxg6 Qf4+ 26. Kb1 Rxc4 $16) 25... Qxf7) 25. Qxg6 {[%mdl 64] Double Attack, Pin. White is clearly winning.} a5 (25... Qf4+ $142 26. Kb1 Qg4 27. Bxf7+ Rxf7 28. Rd8+ Rf8 29. Rxf8+ Kxf8 30. Qxg4 hxg4) 26. bxa5 Qxa5 27. Rf1 {[%mdl 64] [#] Pin} Kh8 28. Bxf7 Qe5 29. c3 Qe2 30. Qf5 Bh6+ 31. Kb1 Rb8 32. Nb2 {Accuracy: White = 92%, Black = 37%.} 1-0

[Event "Haiwan Cup New Star 2019"]
[Site "Shanghai"]
[Date "2019.09.09"]
[Round "6.3"]
[White "Dai, Changren"]
[Black "Bai, Jinshi"]
[Result "0-1"]
[WhiteElo "2512"]
[BlackElo "2591"]
[Annotator "TA"]
[PlyCount "66"]
[EventDate "2019.09.04"]
[EventType "tourn"]
[EventCountry "CHN"]
[SourceTitle "playchess.com"]
[Source "ChessBase"]
[SourceQuality "1"]

{[%evp 16,66,0,0,0,0,0,-10,-12,-11,-8,-16,-13,-14,-9,0,-5,-30,-32,-59,-49,-45,-30,-113,-113,-110,-91,-129,-127,-220,-208,-210,-213,-220,-220,-200,-217,-190,-217,-193,-176,-179,-166,-184,-173,-274,-274,-274,-266,-266,-264,-385,-384]} 1. e4 e5 2. Nf3 Nf6 3. Nxe5 d6 4. Nf3 Nxe4 5. d4 d5 6. Bd3 Be7 7. O-O O-O 8. Nc3 Nxc3 9. bxc3 c5 {C42: Petroff Defence: 3 Nxe5 and unusual White 3rd moves} 10. dxc5 Nd7 11. c4 dxc4 $146 {The position is equal.} ({Predecessor:} 11... Bf6 12. Rb1 dxc4 13. Bxc4 Nxc5 14. Ba3 Qc7 15. Qd5 Be7 16. Bxc5 Qxc5 17. Ne5 {1-0 (42) Bivol,A (2114)-Nebolsina,V (2388) Moscow 2011}) 12. Bxc4 Nxc5 13. Qxd8 Rxd8 14. Ba3 Be6 15. Bxe6 fxe6 16. Rad1 Rac8 17. Rfe1 Rxd1 18. Rxd1 Bf6 19. g4 {[#]} (19. Rd6 $11) 19... Ne4 $1 $17 20. Re1 Rc4 21. h3 b5 22. g5 (22. Kg2 $17) 22... Nxg5 $19 23. Nxg5 Bxg5 {[%mdl 4096] Endgame KRB-KRB} 24. Re5 Bf6 25. Rxb5 Rxc2 26. Rb8+ Kf7 27. Rb7+ Kg6 28. Rxa7 {[#]} Bd4 $1 {[%cal Rd4f2]} 29. Rd7 Bxf2+ 30. Kh1 (30. Kf1 {only move.}) 30... Rxa2 31. Bf8 Ra7 32. Rd2 Bg3 33. Rg2 (33. Bc5 $142 Rf7 34. Rd3) 33... Ra1+ {Accuracy: White = 28%, Black = 100%.} 0-1

[Event "Haiwan Cup New Star 2019"]
[Site "Shanghai"]
[Date "2019.09.09"]
[Round "6.4"]
[White "Liu, Yan"]
[Black "Martirosyan, Haik M."]
[Result "1/2-1/2"]
[WhiteElo "2524"]
[BlackElo "2608"]
[Annotator "TA"]
[PlyCount "43"]
[EventDate "2019.09.04"]
[EventType "tourn"]
[EventCountry "CHN"]
[SourceTitle "playchess.com"]
[Source "ChessBase"]
[SourceQuality "1"]

{[%evp 21,43,17,43,31,39,37,39,18,18,18,18,18,18,17,25,13,16,0,39,0,0,0,31,0]} 1. d4 Nf6 2. c4 e6 3. Nf3 b6 4. g3 Bb7 5. Bg2 Be7 6. O-O O-O 7. Nc3 Ne4 8. Qc2 Nxc3 9. Qxc3 d6 10. b3 Nd7 11. Bb2 Nf6 12. Rfd1 {E19: Queen's Indian: Old Main Line with 7...Ne4 8 Qc2 Nxc3 8 Qxc3} a5 (12... c5 13. Ne1 Bxg2 14. Nxg2 {½-½ (14) Mirzoev,A (2510)-Gasanov,E (2481) Presolana 2018}) 13. d5 $146 ({Predecessor:} 13. Rac1 Be4 14. Bh3 Re8 15. Ne1 c5 16. Qe3 d5 17. Nd3 Bxd3 18. Rxd3 dxc4 19. bxc4 {½-½ (28) Kostic,V (2286)-Knezevic,M (2124) Belgrade 2016}) 13... e5 14. Nxe5 dxe5 15. d6 $1 {[%cal Rd6e7]} Bxd6 {[#] aiming for ...Bxg2.} 16. Bxb7 Rb8 17. Bc6 Qe7 18. Kg2 Qe6 {Hoping for ...Bb4.} 19. Bd5 Qe7 20. Bc6 (20. c5 $5 Bxc5 21. Qxe5 $11) 20... Qe6 {[#] White must now prevent ...Bb4.} 21. Bd5 Qe7 22. Bc6 1/2-1/2

[Event "Haiwan Cup New Star 2019"]
[Site "Shanghai"]
[Date "2019.09.10"]
[Round "7.1"]
[White "Martirosyan, Haik M."]
[Black "Gukesh D"]
[Result "1/2-1/2"]
[WhiteElo "2608"]
[BlackElo "2535"]
[Annotator "TA"]
[PlyCount "71"]
[EventDate "2019.09.04"]
[EventType "tourn"]
[EventCountry "CHN"]
[SourceTitle "playchess.com"]
[Source "ChessBase"]
[SourceQuality "1"]

{[%evp 16,71,33,12,20,21,38,6,10,4,17,21,22,7,88,69,80,76,83,49,66,19,27,19,19,14,26,0,0,0,0,0,0,0,42,39,44,0,0,0,0,0,0,0,0,0,-10,-168,-139,-130,-125,-124,-8,-8,-18,-10,0,0]} 1. d4 d5 2. c4 c6 3. Nf3 Nf6 4. Nc3 e6 5. Bg5 h6 6. Bxf6 Qxf6 7. Qb3 dxc4 8. Qxc4 Nd7 9. Rd1 Be7 {D43: Semi-Slav: 5 Bg5 h6} (9... g6 10. e3 Bg7 11. Be2 Qe7 12. O-O O-O 13. Qb3 Rd8 14. Rfe1 b6 15. Nd2 Bb7 16. Bf3 Rab8 17. Nc4 Ba8 18. g3 Rdc8 19. Bg2 b5 {½-½ (19) Melkumyan,H (2664)-Bok,B (2622) Batumi 2018}) 10. e3 g6 $146 ({Predecessor:} 10... O-O 11. Bd3 g6 12. O-O Kh8 13. Ne4 Qg7 14. b4 e5 15. dxe5 Nxe5 16. Nxe5 Qxe5 17. f4 {1-0 (46) Veingold,A (2478)-Rodriguez Guerrero,E (2391) Dos Hermanas 2004}) 11. Qb3 e5 12. Ne4 Qg7 $1 13. d5 O-O 14. Be2 Nb6 (14... cxd5 $11 {remains equal.} 15. Qxd5 (15. Rxd5 Kh8 $11) 15... Nb6 16. Qxe5 Qxe5 17. Nxe5 Be6) 15. d6 $16 Bf6 $1 16. O-O Be6 17. Qc3 Rfd8 18. b3 Bd5 19. Nfd2 Nc8 20. Qb4 b6 21. Bf3 a5 22. Qa3 Nxd6 23. Nxd6 {[#] N6e4 is the strong threat.} Be7 24. N2c4 Bxf3 (24... e4 $5 25. Bxe4 Bxe4 $11) 25. gxf3 b5 $1 {[%cal Rb5c4]} 26. Qb2 (26. Nb6 {keeps more tension.} Rab8 27. Qc5 Qf6 28. Ne4 Qe6 29. Rxd8+ Bxd8 30. Rc1) 26... bxc4 27. Nxc4 Qf6 $36 {[%mdl 2048] Black fights for an advantage.} 28. Qxe5 Qxf3 29. Rxd8+ Rxd8 30. Qg3 Qe2 31. f4 $2 {[#]} (31. Ne5 $1 $11 {and White has nothing to worry.}) 31... Rd1 32. Rxd1 Qxd1+ 33. Kg2 Qe2+ (33... a4 $17 34. Ne5 axb3 35. axb3 c5) 34. Qf2 $11 {The position is equal.} Qg4+ 35. Qg3 $1 {[%cal Rg3g4]} Qe2+ 36. Qf2 {Accuracy: White = 49%, Black = 61%.} 1/2-1/2

[Event "Haiwan Cup New Star 2019"]
[Site "Shanghai"]
[Date "2019.09.10"]
[Round "7.2"]
[White "Bai, Jinshi"]
[Black "Liu, Yan"]
[Result "1/2-1/2"]
[WhiteElo "2591"]
[BlackElo "2524"]
[Annotator "TA"]
[PlyCount "105"]
[EventDate "2019.09.04"]
[EventType "tourn"]
[EventCountry "CHN"]
[SourceTitle "playchess.com"]
[Source "ChessBase"]
[SourceQuality "1"]

{[%evp 22,105,6,0,29,0,10,15,25,24,24,13,42,33,17,5,10,17,17,17,15,10,29,17,19,13,8,0,4,12,7,0,0,0,0,0,17,0,0,0,0,-20,8,-22,7,-14,-8,-21,-4,-40,0,-25,0,-37,0,-37,9,-24,0,-18,0,-24,8,-18,-20,-14,0,-16,0,-41,-5,-30,0,0,-10,-35,0,-28,-14,-27,0,0,0,-20,0,-27]} 1. Nf3 Nf6 2. c4 e6 3. g3 b6 4. Bg2 Bb7 5. O-O Be7 6. Nc3 O-O 7. Re1 d5 8. cxd5 exd5 9. d4 Nbd7 10. Bf4 Nh5 (10... Ne4 11. Rc1 Nxc3 12. bxc3 Re8 13. Qb3 c5 14. Nd2 Nf8 15. dxc5 Bxc5 16. Nf1 Ne6 17. Rcd1 Qf6 18. Be3 d4 19. cxd4 Bxg2 20. dxc5 Bxf1 21. cxb6 {½-½ (44) Socko,B (2627)-Vovk,Y (2579) Katowice 2019}) 11. Bd2 Nhf6 12. Bf4 Nh5 {E17: Queen's Indian: 4 g3 Bb7 5 Bg2 Be7} 13. Bd2 Nhf6 14. Qc2 a6 15. Bf4 Re8 16. Rac1 Nf8 $146 ({Predecessor:} 16... Rc8 17. Red1 Nf8 18. Ne5 Ne6 19. Be3 c5 20. dxc5 Bxc5 21. Bxc5 bxc5 22. Qa4 {1-0 (37) Hjelm,N-Hult,C Sweden 1996}) 17. Na4 c6 18. Qb3 (18. e3 {with more complications.} h6 19. h4 Ne6 20. Bh3 Bb4 21. Red1) 18... b5 19. Nc5 Bxc5 $1 20. Rxc5 Ne6 21. Rc2 Ne4 22. Rec1 f6 23. Bd2 Qb6 24. Be3 a5 25. a3 Rad8 26. h4 Nd6 27. Qd3 a4 28. Bd2 Nc4 29. Bb4 Bc8 30. e3 Nc7 31. Re1 Qb8 32. Nh2 Kh8 33. Bf3 Be6 34. Rce2 Bf7 35. Bg4 Bg6 36. Qc3 Bf7 37. Qd3 Bg6 38. Qc3 Bf7 39. Kg2 Qa8 40. Bf3 Qc8 41. Bg4 Qa8 42. Bf3 Bg6 43. Kg1 Bf7 44. Qc2 Bg6 45. Qc3 h6 46. Bg4 Qb8 47. Nf3 Re4 (47... h5 $5 48. Bh3 $8 Na6 $11) 48. Nh2 Ree8 49. Bf3 Qc8 50. Bg4 Qb8 51. Nf3 {The position is equal.} Re4 (51... h5 $5 52. Bh3 $8 Na6 $11) 52. Nh2 Ree8 53. Bf3 {Accuracy: White = 31%, Black = 40%.} 1/2-1/2